<?xml version="1.0" encoding="UTF-8"?>
<record
    xmlns:xsi="http://www.w3.org/2001/XMLSchema-instance"
    xsi:schemaLocation="http://www.loc.gov/MARC21/slim http://www.loc.gov/standards/marcxml/schema/MARC21slim.xsd"
    xmlns="http://www.loc.gov/MARC21/slim">

  <leader>01279nam a2200181Ia 4500</leader>
  <controlfield tag="008">151202s9999||||xx |||||||||||||| ||und||</controlfield>
  <datafield tag="082" ind1=" " ind2=" ">
    <subfield code="b">PNVM-91350</subfield>
  </datafield>
  <datafield tag="100" ind1=" " ind2=" ">
    <subfield code="a">&#x936;&#x930;&#x94D;&#x92E;&#x93E; &#x917;&#x921;&#x93F;&#x92F;&#x93E;&#x930;&#x92E; &#x930;&#x93E;&#x92E;&#x915;&#x943;&#x937;&#x94D;&#x923; / &#x905;&#x928;&#x941;-&#x92C;&#x94B;&#x932;&#x94D;&#x932;&#x940; &#x932;&#x915;&#x94D;&#x937;&#x94D;&#x92E;&#x940;&#x928;&#x93E;&#x930;&#x93E;&#x92F;&#x923; </subfield>
  </datafield>
  <datafield tag="245" ind1=" " ind2=" ">
    <subfield code="a">&#x915;&#x92E;&#x932;&#x92A;&#x924;&#x94D;&#x930;-&#x938;&#x93E;&#x939;&#x93F;&#x924;&#x94D;&#x92F; &#x905;&#x915;&#x93E;&#x926;&#x92E;&#x940; &#x92A;&#x941;&#x930;&#x938;&#x94D;&#x915;&#x93E;&#x930;&#x94D;&#x92A;&#x94D;&#x930;&#x93E;&#x92A;&#x94D;&#x924; &#x924;&#x947;&#x932;&#x941;&#x917;&#x941; &#x906;&#x924;&#x94D;&#x92E;&#x91A;&#x930;&#x93F;&#x924;&#x94D;&#x930; </subfield>
  </datafield>
  <datafield tag="260" ind1=" " ind2=" ">
    <subfield code="b">"&#x938;&#x93E;&#x939;&#x93F;&#x924;&#x94D;&#x92F; &#x905;&#x915;&#x93E;&#x926;&#x92E;&#x940;,&#x928;&#x935;&#x940; &#x926;&#x93F;&#x932;&#x94D;&#x932;&#x940;"</subfield>
  </datafield>
  <datafield tag="260" ind1=" " ind2=" ">
    <subfield code="c">2012</subfield>
  </datafield>
  <datafield tag="300" ind1=" " ind2=" ">
    <subfield code="a">303</subfield>
  </datafield>
  <datafield tag="600" ind1=" " ind2=" ">
    <subfield code="a">&#x936;&#x930;&#x94D;&#x92E;&#x93E; &#x917;&#x921;&#x93F;&#x92F;&#x93E;&#x930;&#x92E; &#x930;&#x93E;&#x92E;&#x915;&#x943;&#x937;&#x94D;&#x923; / &#x905;&#x928;&#x941;-&#x92C;&#x94B;&#x932;&#x94D;&#x932;&#x940; &#x932;&#x915;&#x94D;&#x937;&#x94D;&#x92E;&#x940;&#x928;&#x93E;&#x930;&#x93E;&#x92F;&#x923; </subfield>
  </datafield>
  <datafield tag="630" ind1=" " ind2=" ">
    <subfield code="a">&#x915;&#x92E;&#x932;&#x92A;&#x924;&#x94D;&#x930;-&#x938;&#x93E;&#x939;&#x93F;&#x924;&#x94D;&#x92F; &#x905;&#x915;&#x93E;&#x926;&#x92E;&#x940; &#x92A;&#x941;&#x930;&#x938;&#x94D;&#x915;&#x93E;&#x930;&#x94D;&#x92A;&#x94D;&#x930;&#x93E;&#x92A;&#x94D;&#x924; &#x924;&#x947;&#x932;&#x941;&#x917;&#x941; &#x906;&#x924;&#x94D;&#x92E;&#x91A;&#x930;&#x93F;&#x924;&#x94D;&#x930; </subfield>
  </datafield>
  <datafield tag="700" ind1=" " ind2=" ">
    <subfield code="a">&#x936;&#x930;&#x94D;&#x92E;&#x93E; &#x917;&#x921;&#x93F;&#x92F;&#x93E;&#x930;&#x92E; &#x930;&#x93E;&#x92E;&#x915;&#x943;&#x937;&#x94D;&#x923; / &#x905;&#x928;&#x941;-&#x92C;&#x94B;&#x932;&#x94D;&#x932;&#x940; &#x932;&#x915;&#x94D;&#x937;&#x94D;&#x92E;&#x940;&#x928;&#x93E;&#x930;&#x93E;&#x92F;&#x923; </subfield>
  </datafield>
  <datafield tag="730" ind1=" " ind2=" ">
    <subfield code="a">&#x915;&#x92E;&#x932;&#x92A;&#x924;&#x94D;&#x930;-&#x938;&#x93E;&#x939;&#x93F;&#x924;&#x94D;&#x92F; &#x905;&#x915;&#x93E;&#x926;&#x92E;&#x940; &#x92A;&#x941;&#x930;&#x938;&#x94D;&#x915;&#x93E;&#x930;&#x94D;&#x92A;&#x94D;&#x930;&#x93E;&#x92A;&#x94D;&#x924; &#x924;&#x947;&#x932;&#x941;&#x917;&#x941; &#x906;&#x924;&#x94D;&#x92E;&#x91A;&#x930;&#x93F;&#x924;&#x94D;&#x930; </subfield>
  </datafield>
  <datafield tag="942" ind1=" " ind2=" ">
    <subfield code="c">BOOK</subfield>
  </datafield>
  <datafield tag="999" ind1=" " ind2=" ">
    <subfield code="c">1351034</subfield>
    <subfield code="d">1351031</subfield>
  </datafield>
  <datafield tag="952" ind1=" " ind2=" ">
    <subfield code="0">0</subfield>
    <subfield code="1">0</subfield>
    <subfield code="4">0</subfield>
    <subfield code="7">0</subfield>
    <subfield code="a">PNVM</subfield>
    <subfield code="b">PNVM</subfield>
    <subfield code="d">2015-11-24</subfield>
    <subfield code="g">225.00</subfield>
    <subfield code="l">0</subfield>
    <subfield code="o">PNVM-91350</subfield>
    <subfield code="p">PNVM-91350</subfield>
    <subfield code="r">2015-12-02 00:00:00</subfield>
    <subfield code="v">225.00</subfield>
    <subfield code="w">2015-12-02</subfield>
    <subfield code="y">BOOK</subfield>
  </datafield>
</record>
